Kenya education commission report. (Record no. 12871)
[ view plain ]
| 000 -LEADER | |
|---|---|
| fixed length control field | 00985cam a22002652 4500 |
| 001 - CONTROL NUMBER | |
| control field | 0000003513 |
| 005 - DATE AND TIME OF LATEST TRANSACTION | |
| control field | 20151217155823.0 |
| 008 - FIXED-LENGTH DATA ELEMENTS--GENERAL INFORMATION | |
| fixed length control field | 070508s xx 000 0 eng d |
| 020 ## - INTERNATIONAL STANDARD BOOK NUMBER | |
| Terms of availability | KES 150 |
| 040 ## - CATALOGING SOURCE | |
| Original cataloging agency | KABU |
| Transcribing agency | KABU |
| 050 #0 - LIBRARY OF CONGRESS CALL NUMBER | |
| Classification number | LA1561 |
| Item number | .K46 1964 |
| 110 2# - MAIN ENTRY--CORPORATE NAME | |
| Corporate name or jurisdiction name as entry element | Kenya. |
| Subordinate unit | Committee of Enquiry into education in Kenya. |
| -- | 0000153487 |
| 245 10 - TITLE STATEMENT | |
| Title | Kenya education commission report. |
| 260 ## - PUBLICATION, DISTRIBUTION, ETC. (IMPRINT) | |
| Place of publication, distribution, etc. | Nairobi : |
| Name of publisher, distributor, etc. | Govt. Printers, |
| Date of publication, distribution, etc. | 1964. |
| 300 ## - PHYSICAL DESCRIPTION | |
| Extent | 2 parts. |
| 500 ## - GENERAL NOTE | |
| General note | Parts I & II published in 1964 and 1965 respectively. |
| 650 #0 - SUBJECT ADDED ENTRY--TOPICAL TERM | |
| Topical term or geographic name as entry element | Education |
| Geographic subdivision | Kenya |
| General subdivision | History. |
| -- | 0000153483 |
| 700 1# - ADDED ENTRY--PERSONAL NAME | |
| Personal name | Ominde, S. H. |
| -- | 0000153488 |
| 852 1# - LOCATION | |
| -- | p150 KES |
| 852 1# - LOCATION | |
| -- | p150 KES |
| 908 ## - PUT COMMAND PARAMETER (RLIN) | |
| Put command parameter | 070508 |
| 950 ## - LOCAL HOLDINGS (RLIN) | |
| -- | 1 |
| Withdrawn status | Lost status | Source of classification or shelving scheme | Not for loan | Home library | Current library | Date acquired | Total Checkouts | Full call number | Barcode | Date last seen | Price effective from | Koha item type |
|---|---|---|---|---|---|---|---|---|---|---|---|---|
| Library of Congress Classification | Kabarak, Main Campus | Kabarak, Main Campus | 17/12/2015 | LA1561 .K46 1965 pt. II c. 1 | 009849 | 17/12/2015 | 17/12/2015 | Africana Collection | ||||
| Library of Congress Classification | Kabarak, Main Campus | Kabarak, Main Campus | 17/12/2015 | LA1561 .K46 1965 pt. II c. 2 | 18002 | 17/12/2015 | 17/12/2015 | Africana Collection | ||||
| Library of Congress Classification | Kabarak, Main Campus | Kabarak, Main Campus | 17/12/2015 | LA1561 .K46 1964 pt. I c. 2 | 18003 | 17/12/2015 | 17/12/2015 | Africana Collection | ||||
| Library of Congress Classification | Kabarak, Main Campus | Kabarak, Main Campus | 17/12/2015 | LA1561 .K46 1964 pt. I c. 1 | 027058 | 17/12/2015 | 17/12/2015 | Africana Collection |